000 00337nam a2200133 4500
005 20260219123601.0
020 _a9781647287283
100 _aGriffin, Peter
_910359
245 _aFoundations of graph theory
_bVol. 2
260 _aNew York
_bWillford press
_c2025
300 _a262
650 _aBipartite graphs
_910362
942 _2ddc
_cBK
999 _c756459
_d756459